000 01338nam a2200361 a 4500
001 000010973
003 DO-SdBNP
005 20170925101222.0
007 000010973
008 091013s2009 dr c 001 0 spa d
020 _a9789993431275
040 _aBPMSU
_bspa
_cBPMSU
082 4 _a384.54
_bN964g
100 1 _aNúñez Fernández, José Antonio,
_d1928-
245 1 3 _aLa guerra de locutores :
_babril 1965 /
_cJosé Antonio Núñez Fernández ; compilador Pedro Pablo Fernández.
260 _aSanto Domingo :
_bBiblioteca Nacional Pedro Henríquez Ureña,
_c2009.
300 _a163 [10] p. :
_bretrs. ;
_c23 cm.
490 1 _aBiblioteca Nacional
490 1 _aTestimonio
500 _aIncluye índice onomástico
500 _aIncluye datos biográficos del autor en las solapas
600 1 4 _aNÚÑEZ FERNÁNDEZ, JOSÉ ANTONIO,
_d1928-
650 4 _aLOCUTORES DE RADIO
_zREPÚBLICA DOMINICANA
650 4 _aRADIODIFUSIÓN
_zREPÚBLICA DOMINICANA
651 4 _aREPÚBLICA DOMINICANA
_xHISTORIA
_yREVOLUCIÓN, 1965
700 1 _aFernández, Pedro Pablo
_ecomp.
730 0 _aRadio San Isidro (Repúblia Dominicana)
830 0 _aBiblioteca Nacional
_pTestimonio
910 _aValidado. Control de calidad BNPHU
942 _2ddc
_cBK
945 _aInventariado / 2017 VM
956 _aVMATEO
_b10
_c20100118
_lBPMSU
_h0069
999 _c7351
_d7351